[Event "FRA-chT2 0405"]
[Site "France"]
[Date "2005.02.06"]
[Round "7.9"]
[White "Bulteau, Sarah"]
[Black "Routier, Laurie"]
[Result "1-0"]
[WhiteElo "1878"]
[BlackElo "1770"]
[PlyCount "53"]
[EventDate "2004.10.10"]
[EventType "team"]
[EventRounds "11"]
[EventCountry "FRA"]
[SourceTitle "EXT 2006"]
[Source "ChessBase"]
[SourceDate "2005.11.24"]
[SourceVersion "1"]
[SourceVersionDate "2005.11.24"]
[SourceQuality "1"]
[WhiteTeam "Rueil Malmaison"]
[BlackTeam "Bagneux"]
[WhiteTeamCountry "FRA"]
[BlackTeamCountry "FRA"]

1. e4 d5 2. exd5 Qxd5 3. Nc3 Qa5 4. d4 Nf6 5. h3 Bf5 6. Nf3 e6 7. Bd2 c6 8. Bc4 Bb4 9. a3 Bxc3 10. Bxc3 Qc7 11. 0-0 Nbd7 12. Re1 0-0-0 13. Bd2 h6 14. c3 g5 15. Ne5 Nxe5 16. Rxe5 g4 17. Bf4 Qe7 18. Qe2 Qf8 19. Rxf5 exf5 20. Qe5 Rd6 21. Qxd6 Qxd6 22. Bxd6 Ne4 23. Bf4 Rh7 24. hxg4 fxg4 25. Bd3 f5 26. Bxe4 fxe4 27. Re1 1-0

[Event "FRA-chT2 0304"]
[Site "France"]
[Date "2004.03.14"]
[Round "9"]
[White "Routier, Laurie"]
[Black "Guilbert, Herve"]
[Result "0-1"]
[WhiteElo "1690"]
[BlackElo "2118"]
[PlyCount "144"]
[EventDate "2003.10.??"]
[EventType "team"]
[EventRounds "11"]
[EventCountry "FRA"]
[SourceTitle "EXT 2005"]
[Source "ChessBase"]
[SourceDate "2004.11.15"]
[SourceVersion "1"]
[SourceVersionDate "2004.11.15"]
[SourceQuality "1"]

1. e4 g6 2. d4 Bg7 3. Nc3 d6 4. Be3 a6 5. Bd3 Nd7 6. Nge2 b5 7. a4 b4 8. Na2 Rb8 9. Qd2 c5 10. Rb1 Qc7 11. b3 Ngf6 12. f3 Bb7 13. c3 bxc3 14. Naxc3 cxd4 15. Bxd4 0-0 16. 0-0 d5 17. exd5 Nb6 18. Rfc1 Qd8 19. b4 Nbxd5 20. Nxd5 Nxd5 21. Bxg7 Kxg7 22. Qb2+ Kg8 23. Be4 Qb6+ 24. Qd4 Qxd4+ 25. Nxd4 e5 26. Ne2 Rfc8 27. Bxd5 Bxd5 28. Nc3 Ba8 29. b5 axb5 30. Nxb5 Kg7 31. Kf2 e4 32. Rxc8 Rxc8 33. Rb2 exf3 34. gxf3 Rc4 35. Ra2 Bc6 36. Ke3 Rb4 37. Nc3 Rb3 38. Kd2 Bxf3 39. a5 f5 40. a6 Ba8 41. Na4 Rb5 42. Nc3 Rb6 43. a7 Kf6 44. Ke3 Ke6 45. Kd4 Kd6 46. Kc4 Rc6+ 47. Kb4 Rb6+ 48. Kc4 Rc6+ 49. Kb4 Rc8 50. Nb5+ Ke5 51. Ka5 f4 52. Re2+ Kf6 53. Kb6 f3 54. Ra2 Rc6+ 55. Ka5 Ke5 56. Kb4 Rf6 57. Rf2 Rb6 58. Ka5 Rf6 59. Nc7 Rf8 60. Nxa8 Rxa8 61. Kb6 Ke4 62. Kb7 Rxa7+ 63. Kxa7 Ke3 64. Ra2 f2 65. Ra3+ Ke2 66. Ra2+ Kf3 67. Ra3+ Kg2 68. Ra2 Kg1 69. Rxf2 Kxf2 70. Kb6 Kg2 71. Kc5 Kxh2 72. Kd4 g5 0-1

[Event "FRA-chT2 0304"]
[Site "France"]
[Date "2004.02.01"]
[Round "7"]
[White "Michel, Isabelle"]
[Black "Routier, Laurie"]
[Result "0-1"]
[WhiteElo "1540"]
[BlackElo "1690"]
[PlyCount "100"]
[EventDate "2003.10.??"]
[EventType "team"]
[EventRounds "11"]
[EventCountry "FRA"]
[SourceTitle "EXT 2005"]
[Source "ChessBase"]
[SourceDate "2004.11.15"]
[SourceVersion "1"]
[SourceVersionDate "2004.11.15"]
[SourceQuality "1"]

1. e4 c5 2. Nf3 Nc6 3. d4 cxd4 4. Nxd4 Nf6 5. Nc3 e5 6. Nxc6 bxc6 7. Bg5 Bb4 8. Bc4 Qa5 9. Qd3 Be7 10. 0-0 0-0 11. a3 Qc7 12. Rad1 Rd8 13. Qf3 d6 14. Bxf6 Bxf6 15. Rd3 Be6 16. Bxe6 fxe6 17. Qg4 Qe7 18. f3 d5 19. Rfd1 d4 20. Ne2 c5 21. c3 c4 22. R3d2 d3 23. Nc1 Bg5 24. b3 Bxd2 25. Rxd2 Rab8 26. b4 a5 27. Na2 Rb6 28. Qg3 Qd6 29. h4 Ra8 30. Qe1 axb4 31. axb4 Rba6 32. Qb1 Qb6+ 33. Kh2 Qe3 34. Rb2 d2 35. Qc2 Rd6 36. Qd1 Qe1 37. Rb1 Qxd1 38. Rxd1 Rxa2 39. Kg3 Ra1 40. Rxa1 d1Q 41. Rxd1 Rxd1 42. Kf2 Rc1 43. Ke2 Rxc3 44. Kd2 Rb3 45. Kc2 Rxb4 46. Kc3 Rb1 47. Kxc4 Rg1 48. g4 Rg3 49. Kd3 Rxf3+ 50. Ke2 Rf4 0-1

[Event "FRA-chT2 0304"]
[Site "France"]
[Date "2004.01.18"]
[Round "6"]
[White "Routier, Laurie"]
[Black "Baldi, Audrey Jeanne"]
[Result "1-0"]
[WhiteElo "1690"]
[BlackElo "1880"]
[PlyCount "79"]
[EventDate "2003.10.??"]
[EventType "team"]
[EventRounds "11"]
[EventCountry "FRA"]
[SourceTitle "EXT 2005"]
[Source "ChessBase"]
[SourceDate "2004.11.15"]
[SourceVersion "1"]
[SourceVersionDate "2004.11.15"]
[SourceQuality "1"]

1. e4 e6 2. d4 d5 3. e5 c5 4. c3 Nc6 5. Nf3 Qb6 6. a3 a5 7. b3 cxd4 8. cxd4 Nge7 9. Bd3 Bd7 10. Bc2 Ng6 11. Bxg6 hxg6 12. Bb2 Be7 13. 0-0 g5 14. Ne1 a4 15. b4 Na5 16. Nc3 Nb3 17. Rb1 Nxd4 18. Nxd5 exd5 19. Qxd4 Qh6 20. h4 g4 21. g3 Bxh4 22. e6 Bxg3 23. exf7+ Kd8 24. f8Q+ Rxf8 25. fxg3 Rh8 26. Ng2 Qh1+ 27. Kf2 Rf8+ 28. Nf4 Qf3+ 29. Ke1 Qxg3+ 30. Qf2 Re8+ 31. Kd2 Qxf2+ 32. Rxf2 Bf5 33. Re1 Be4 34. Bxg7 Rc8 35. Rc1 Rxc1 36. Kxc1 g3 37. Rd2 Rg8 38. Bd4 g2 39. Bg1 Rg5 40. Ne6+ 1-0